Biblioteca ESET

La Patagonia : | de las guerra de Malvinas al final de la familia ypefiana (Registro nro. 1245)

Detalles MARC
000 -CABECERA
fixed length control field 00819nam a22002417a 4500
003 - CONTROL NUMBER IDENTIFIER
control field AR-BeUNQ
005 - FECHA Y HORA DE LA ULTIMA TRANSACCION
control field 20250409135934.0
008 - ELEMENTOS DE LONGITUD FIJA-INFORMACION GENERAL
fixed length control field 250409b |||||||| |||| 00| 0 spa d
020 ## - NUMERO INTERNACIONAL NORMALIZADO PARA LIBROS
Número Internacional Normalizado del libro 9789876300285
040 ## - FUENTE DE CATALOGACION
Agencia de catalogación original AR-BeUNQ
Agencia que realiza la transcripción AR-BeUNQ
Convenciones de la descripción aacr
082 ## - NUMERO DE CLASIFICACION DECIMAL DEWEYMBER
Número de la edición 21
Número de clasificación 982 BOH
100 ## - ASIENTO PRINCIPAL-NOMBRE PERSONAL
Nombre personal Bohoslasky, Ernesto
Títulos u otras palabras asociadas al nombre aut.
Fecha asociada al nombre 1980
245 ## - MENCION DE TITULO
Título La Patagonia :
Otra información sobre el título de las guerra de Malvinas al final de la familia ypefiana
Mención de responsabilidad, etc Ernesto Bohoslasky,.
Medio físico libro
250 ## - MENCION DE EDICION
Mención de edición 1a.ed
260 ## - PUBLICACION, DISTRIBUCION, ETC.
Lugar de publicación, distribución, etc. Los Polvorines :
Nombre del editor, distribuidor, etc. Universidad de General Sarmientp,
Fecha de publicación, distribución, etc 2008
300 ## - DESCRIPCION FISICA
Extensión 112 p.
Otros detalles físicos il. ;
Dimensiones 20 cm
490 ## - MENCION DE SERIE
Mención de serie Colección 25 años 25 libros
Designación numérica/secuencial del volumen 7
500 ## - NOTA GENERAL
Nota general Historia nacional.
650 ## - ASIENTO SECUNDARIO DE MATERIA - TERMINO TEMATICO
Fuente del encabezamiento o términ spines
Término temático o nombre geográfico como elemento de entrada Historia Argentina
651 ## - ASIENTO SECUNDARIO DE MATERIA - NOMBRE GEOGRAFICO
Fuente del encabezamiento o término unescot
Nombre geográfico Argetnina.
929 ## - DATOS DE ADQUISICION
Procedencia DONACION
Proveedor Biblioteca NAcional
Orden de compra 0
Precio 0
Fecha de recibido 2022
Patrimonio UNQ PAT 0082152
Número de inventario 61226
942 ## - ELEMENTOS DE PUNTO DE ACCESO ADICIONAL (KOHA)
Tipo de ítem Koha Libros
Existencias
Estado de retiro Estado de pérdida Ubicación permanente Ubicación actual Ubicación en estantería Fecha de ingreso Total Checkouts Signatura topográfica completa Date last seen Tipo de ítem Koha Operador
    Biblioteca ESET - UNQ Biblioteca ESET - UNQ CIRCULACION 09/04/2025   982 BOH 09/04/2025 Libros Gladys Alarcon

ESET UNQ

☏ 4365-7188
 Avenida República de Francia 1714 entre Doctor Kenny y Concordia, Ezpeleta, Bs As.
✉ secretaria_eset@unq.edu.ar

Con tecnología Koha